ندوة بدائل عقوبة السجن: عمان 3-4 تشرين الثاني 2010: المعهد القضائي الأردني بالتعاون مع المدرسة الوطنية للقضاء في فرنسا والسفارة الفرنسية في الأردن (Record no. 23594)
[ view plain ]
| 000 -LEADER | |
|---|---|
| fixed length control field | 01166nam a2200205Ii 4500 |
| 003 - CONTROL NUMBER IDENTIFIER | |
| control field | JO-AjNU |
| 008 - FIXED-LENGTH DATA ELEMENTS--GENERAL INFORMATION | |
| fixed length control field | 230605s9999||||xx |||||||||||||| ||und|| |
| 017 ## - COPYRIGHT OR LEGAL DEPOSIT NUMBER | |
| Copyright or legal deposit number | 2011/8/3186 |
| 040 ## - CATALOGING SOURCE | |
| Original cataloging agency | JO-AjNU |
| Language of cataloging | ara |
| Description conventions | rda |
| Transcribing agency | JO-AjNU |
| 041 ## - LANGUAGE CODE | |
| Language code of text/sound track or separate title | ara |
| 050 14 - LIBRARY OF CONGRESS CALL NUMBER | |
| Classification number | K5015.4.A5.J67 2010 |
| 100 3# - MAIN ENTRY--PERSONAL NAME | |
| Personal name | إعداد المعهد القضائي الأردني؛ إشراف وترجمة عصام حداد, |
| Relator term | author |
| 9 (RLIN) | 46090 |
| 245 00 - TITLE STATEMENT | |
| Title | ندوة بدائل عقوبة السجن: عمان 3-4 تشرين الثاني 2010: المعهد القضائي الأردني بالتعاون مع المدرسة الوطنية للقضاء في فرنسا والسفارة الفرنسية في الأردن |
| 264 31 - PRODUCTION, PUBLICATION, DISTRIBUTION, MANUFACTURE, AND COPYRIGHT NOTICE | |
| Place of production, publication, distribution, manufacture | عمان: المعهد القضائي الاردني، 2010 |
| 300 ## - PHYSICAL DESCRIPTION | |
| Extent | 71ص باللغة العربية ، 36 ص باللغة الفرنسية |
| Other physical details | يتضمن نصوص باللغة الفرنسية وصور ملونة |
| 336 ## - CONTENT TYPE | |
| Content type term | text |
| Content type code | txt |
| Source | rdacontent |
| 337 ## - MEDIA TYPE | |
| Media type term | unmediated |
| Media type code | n |
| Source | rdamedia |
| 338 ## - CARRIER TYPE | |
| Carrier type term | volume |
| Carrier type code | nc |
| Source | rdacarrier |
| 650 #4 - SUBJECT ADDED ENTRY--TOPICAL TERM | |
| Topical term or geographic name entry element | العقوبات - مؤتمرات - السجون - مؤتمرات - الجريمة والمجرمون - مؤتمرات |
| 9 (RLIN) | 46091 |
| Withdrawn status | Lost status | Source of classification or shelving scheme | Damaged status | Not for loan | Home library | Current library | Shelving location | Date acquired | Total Checkouts | Full call number | Barcode | Date last seen | Price effective from | Koha item type |
|---|---|---|---|---|---|---|---|---|---|---|---|---|---|---|
| Library of Congress Classification | مكتبة جامعة عجلون الوطنية | مكتبة جامعة عجلون الوطنية | المجموعات العامة | 06/06/2023 | K5015.4.A5.J67 2010 | A20026 | 06/06/2023 | 06/06/2023 | Books |